[Event "BCF-chT3S 1415 (4NCL)"]
[Site "England"]
[Date "2014.11.15"]
[Round "1.99"]
[White "Karia, Rishul"]
[Black "Sargent, John M"]
[Result "0-1"]
[WhiteElo "1664"]
[BlackElo "1771"]
[PlyCount "48"]
[EventDate "2014.11.15"]
[EventType "team-swiss"]
[EventRounds "6"]
[EventCountry "ENG"]
[SourceTitle "CBM 163 Extra"]
[Source "ChessBase"]
[SourceDate "2014.12.23"]
[SourceVersion "1"]
[SourceVersionDate "2014.12.23"]
[SourceQuality "1"]
[WhiteTeam "Barnet Knights"]
[BlackTeam "BCM Rhinos II"]
[WhiteTeamCountry "ENG"]
[BlackTeamCountry "ENG"]

1. e4 c5 2. Nc3 Nc6 3. f4 d6 4. Bc4 e6 5. d3 g6 6. Nf3 Bg7 7. 0-0 Nge7 8. Qe1 0-0 9. g4 Na5 10. Bb3 Nxb3 11. axb3 f5 12. g5 Re8 13. Be3 b6 14. e5 dxe5 15. fxe5 Nc6 16. Bf4 Nd4 17. Qf2 Bb7 18. Nxd4 cxd4 19. Nb5 Qd5 20. Qf3 Qd7 21. Qf2 Qxb5 22. Qxd4 Bf8 23. Qc4 Bc5+ 24. d4 Qxc4 0-1

[Event "BCF-chT3S 1314 (4NCL)"]
[Site "England"]
[Date "2014.02.15"]
[Round "5.9"]
[White "Portman, Carl S"]
[Black "Sargent, John M"]
[Result "1/2-1/2"]
[WhiteElo "1975"]
[BlackElo "1765"]
[PlyCount "30"]
[EventDate "2013.11.16"]
[EventType "team-swiss"]
[EventRounds "6"]
[EventCountry "ENG"]
[SourceTitle "EXT 2015"]
[Source "ChessBase"]
[SourceDate "2014.11.20"]
[SourceVersion "1"]
[SourceVersionDate "2014.11.20"]
[SourceQuality "1"]
[WhiteTeam "Banbury Bulldogs"]
[BlackTeam "BCM Bison IV"]
[WhiteTeamCountry "ENG"]
[BlackTeamCountry "ENG"]

1. e4 c5 2. Nc3 e6 3. f4 a6 4. Nf3 Nc6 5. d3 d5 6. Be2 d4 7. Nb1 Be7 8. 0-0 Nf6 9. h3 0-0 10. Nbd2 Nh5 11. Nc4 Ng3 12. Rf2 Qc7 13. Kh2 Nxe2 14. Qxe2 b5 15. Nce5 Nxe5 1/2-1/2